English-Marathi theological glossary. Iṅgliśa-Marāthī Iś̄varaparijñānavishayaka ś̄abdasṅgraha. (Record no. 85550)

MARC details
000 -LEADER
fixed length control field 00924cam a22002651 4500
001 - CONTROL NUMBER
control field sa 68014077
003 - CONTROL NUMBER IDENTIFIER
control field DLC
005 - DATE AND TIME OF LATEST TRANSACTION
control field 20260227112628.0
008 - FIXED-LENGTH DATA ELEMENTS--GENERAL INFORMATION
fixed length control field 900212s1966 ii d 000 0 engo
010 ## - LIBRARY OF CONGRESS CONTROL NUMBER
LC control number sa 68014077
035 ## - SYSTEM CONTROL NUMBER
System control number (OCoLC)21052237
040 ## - CATALOGING SOURCE
Original cataloging agency DLC
Transcribing agency WaU
Modifying agency NRU
-- DLC
041 0# - LANGUAGE CODE
Language code of text/sound track or separate title engmar
042 ## - AUTHENTICATION CODE
Authentication code premarc
050 00 - LIBRARY OF CONGRESS CALL NUMBER
Classification number BR95
Item number .S68
100 1# - MAIN ENTRY--PERSONAL NAME
Personal name Sojwal, M. R.,
Dates associated with a name 1923-
245 10 - TITLE STATEMENT
Title English-Marathi theological glossary. Iṅgliśa-Marāthī Iś̄varaparijñānavishayaka ś̄abdasṅgraha.
Statement of responsibility, etc. Saṅgrāhaka Em. Āra. Sojvaḷa.
250 ## - EDITION STATEMENT
Edition statement [1. āvṛttī.
260 ## - PUBLICATION, DISTRIBUTION, ETC.
Place of publication, distribution, etc. Puṇe,
Name of publisher, distributor, etc. Jai. Rīḍa Grehama,
Date of publication, distribution, etc. 1966]
300 ## - PHYSICAL DESCRIPTION
Extent 128 p.
Dimensions 22 cm.
490 0# - SERIES STATEMENT
Series statement Khirastī Vidyārthī granthamālā ;
Volume/sequential designation prakāśana 1
650 #0 - SUBJECT ADDED ENTRY--TOPICAL TERM
Topical term or geographic name entry element Theology
General subdivision Dictionaries
-- Marathi.
650 #0 - SUBJECT ADDED ENTRY--TOPICAL TERM
Topical term or geographic name entry element English language
General subdivision Dictionaries
-- Marathi.
740 0# - ADDED ENTRY--UNCONTROLLED RELATED/ANALYTICAL TITLE
Uncontrolled related/analytical title Iṅgliśa Marāṭhī Īśvaraparijñānavishayaka śabdasaṅgraha.

No items available.

Powered by Koha